Welcome to CU Library Online Public Access Catalogue (OPAC)

A Christian approach to philosophy. (Record no. 6536)

MARC details
000 -LEADER
fixed length control field 00442cam a22001571 4500
001 - CONTROL NUMBER
control field 6513870
005 - DATE AND TIME OF LATEST TRANSACTION
control field 20250617104644.0
008 - FIXED-LENGTH DATA ELEMENTS--GENERAL INFORMATION
fixed length control field 770928s1954 ilu 000 0 eng
050 00 - LIBRARY OF CONGRESS CALL NUMBER
Classification number BD21
Item number .Y6
100 1# - MAIN ENTRY--PERSONAL NAME
Personal name Young, Warren C.
Fuller form of name (Warren Cameron),
Dates associated with a name 1913-
245 12 - TITLE STATEMENT
Title A Christian approach to philosophy.
260 ## - PUBLICATION, DISTRIBUTION, ETC.
Place of publication, distribution, etc. Wheaton, Ill.,
Name of publisher, distributor, etc. Van Kampen Press
Date of publication, distribution, etc. [1954]
300 ## - PHYSICAL DESCRIPTION
Extent 252 p.
Other physical details illus.
Dimensions 22 cm.
650 #0 - SUBJECT ADDED ENTRY--TOPICAL TERM
Topical term or geographic name entry element Philosophy
942 ## - ADDED ENTRY ELEMENTS (KOHA)
Source of classification or shelving scheme Library of Congress Classification
Koha item type Books
Suppress in OPAC No
999 ## -
-- 6536
-- 6536
Holdings
Withdrawn status Lost status Source of classification or shelving scheme Damaged status Not for loan Collection Home library Current library Shelving location Date acquired Total checkouts Full call number Barcode Date last seen Copy number Price effective from Koha item type
    Library of Congress Classification     Non-fiction Undergraduate Library (Christ Temple) Undergraduate Library (Christ Temple) General stacks 06/17/2025   BR100 YOU ulct00003380 06/17/2025 1 06/17/2025 Books
© 2023-2024 Copyright: Central University Libraries. All Rights Reserved | Created by: Mahone Tech Office